| 000 | 01703cam a2200373Ia 4500 | ||
|---|---|---|---|
| 001 | ocn778495430 | ||
| 003 | TZ-ArACH | ||
| 005 | 20130515143643.0 | ||
| 008 | 120228t20102010fr f b 001 0 fre d | ||
| 020 | _a9782247086245 | ||
| 020 | _a2247086241 | ||
| 035 | _a(OCoLC)778495430 | ||
| 040 |
_aLGG _cTZ-ArACH _dLGG |
||
| 041 | _aFre | ||
| 043 | _ae-fr--- | ||
| 049 | _aTZAA | ||
| 050 | 4 |
_aKJV619 _b.D762 |
|
| 245 | 0 | 0 |
_aDroit de la famille 2010/2011/ _csous la direction de Pierre Murat. |
| 250 | _a5e éd. | ||
| 260 |
_aParis : _bDalloz, _c2010. |
||
| 300 |
_axl, 1767 p. ; _c26 cm. |
||
| 490 | 1 |
_aDalloz action, _x1281-6507 |
|
| 501 | _aOn cover: "Mariage, divorce, concubinage, pacs, filiation, adoption, nom, prénom, autorité parentale, assistance éducative, aide sociale à l'enfance, mineur étranger, obligations alimentaires, protection de l'enfance, protection nationale et internationale des majeurs vulnérables, fiscalité, droit pénal, droit international privé". | ||
| 504 | _aIncludes bibliographical references and index. | ||
| 650 | 0 |
_aDomestic relations _zFrance _910388 |
|
| 650 | 7 |
_aFamille _xDroit _zFrance _xManuels d'enseignement supérieur. _2ram _910389 |
|
| 700 | 1 |
_aMurat, Pierre. _910390 |
|
| 830 | 0 |
_aDalloz action. _910391 |
|
| 856 | 4 | 2 |
_3Notice et cote du catalogue de la Bibliothèque nationale de France _uhttp://catalogue.bnf.fr/ark:/12148/cb422596139 |
| 936 | _aPR 708355584 | ||
| 942 |
_2lcc _cBOOK |
||
| 999 |
_c2204 _d2204 |
||